| 000 | 00367nam a22001217a 4500 | ||
|---|---|---|---|
| 005 | 20260629122403.0 | ||
| 100 |
_aSyed Zain ul Abdin Shah _91026 |
||
| 245 | _aA Study of Coefficient Bounds of MA-Minda Starlike and Convex Functions | ||
| 260 |
_aNawabshah _bQUEST _c2025 |
||
| 300 | _a109p. | ||
| 700 |
_aDepartment of Mathematics and Statistics _91014 |
||
| 942 | _cTHESIS | ||
| 999 |
_c69084 _d69081 |
||